Ložiskové materiály, jejich vlastnosti a použití z hlediska smykového tření

Bibliographic Details
Main Author: Vlaševčík, D. (Author)
Format: Article
Language:Czech

MARC

LEADER 00000nab a2200000uu 4500
001 vtls011151980
003 SK-MaSNL
005 20260303111752.0
008 230121|1964 xo |||||||||||||||||cze|
015 |a SNBRB 
035 |a (urnnbn)urn:nbn:sk:snk:ar-a0a2te 
035 |a (uuid)a7eb2387-0e09-4abf-ad92-0c7fb57d1c7e 
035 |a urn:nbn:sk:snk-abb1a5 
040 |a SNKBUCL  |b slo  |c SNKBUCL  |e AACR2 
041 0 |a cze 
044 |a xo  |c SK 
100 1 |a Vlaševčík, D.  |4 aut  |9 1124641 
245 1 0 |a Ložiskové materiály, jejich vlastnosti a použití z hlediska smykového tření  |c Vlad. Ševčík 
773 0 |t Ropa a uhlie : technológia ropy a uhľovodíkových plynov, chemické zužitkovanie uhlia, palivá, technika mazania  |g Roč. 6, č. 10 (1964), s. 308-313 
958 |a OND 
958 |a EUIPO 
958 |a article14 
999 |c 1879521  |d 1881451